000 00323 a2200133 4500
000 nam a22 7a 4500
100 _a Richard Backard
110 _a Richard Backard
245 _aQuantum Mechanics: Concepts And Applications
250 _alatest edition
260 _bR P
_c2026
264 _bR P
_c2026
942 _cBK
999 _c396381
_d396381